Numbers 1-15 in Estonian - Statistics

General Stats
  • This quiz has been taken 94 times
  • The average score is 12 of 15
Answer Stats
Hint Answer % Correct
Two (2) Kaks
98%
Three (3) Kolm
96%
Six (6) Kuus
93%
Seven (7) Seitse
93%
Five (5) Viis
93%
One (1) Üks
91%
Eight (8) Kaheksa
84%
Four (4) Neli
84%
Nine (9) Üheksa
80%
Ten (10) Kümme
77%
Eleven (11) Üksteist
71%
Twelve (12) Kaksteist
70%
Thirteen (13) Kolmteist
68%
Fourteen (14) Neliteist
64%
Fifteen (15) Viisteist
63%
No matching quizzes found
Score Distribution
Percent of People with Each Score
Percentile by Number Answered
Your Score History
You have not taken this quiz